000 01457nam a2200337 a 4500
999 _c1735
_d1735
003 AR-BaISA
005 20250210154915.0
007 ta
008 250210s1967 ag ||||f |||| 000 0 spa d
040 _bspa
_cAR-BaISA
082 0 4 _222
_a155.31 D489
100 _93578
_aDeutsch, Helene
_eaut.
245 0 0 _aPsicoanálisis y desviaciones sexuales /
_cDesutsch, Bonaparte, Riviere, Freedman, Greeson, Loewensterin, Fenichel, Bak, Khan
260 _aBuenos Aires:
_bPaidós,
_c1967
300 _a[235] p.
490 _aPsicología de Hoy;
_v19
505 _tHelene Deutsch / La homosexualidad femenina --
_tMarie Bonaparte / Pasividad, masoquismo y femeneidad --
_tDavid A. Freeman / Las mujeres que odian a sus maridos --
_tRalph R. Greenson / La pasividad fálica y la identidad de género --
_tRobert C. Bak / El fetichismo --
_tM. Masud R. Khan / El fetichismo del prepucio y su relación con la patología yoica en un homosexual
650 1 4 _92266
_aSexualidad
650 1 4 _9141
_aPsicoanálisis
650 1 4 _92922
_aPerspectiva de genero
700 1 _93579
_aBonaparte, Marie
_eaut.
700 1 _93580
_aRiviere, Jean
_eaut.
700 1 _93581
_aFreedman, David A.
700 1 _93184
_aGreenson, Ralph R.
_eaut.
700 1 _93582
_aLoewenstein, Rudolph
_eaut.
700 1 _92288
_aFenichel, Otto
700 1 _93583
_aBak, Robert C.
_eaut.
700 1 _93584
_aR. Khan, M. Masud
_eaut.
830 _92263
_aPsicología de hoy
942 _2ddc
_cLI
_e22